Loading...
Obsessive compulsive disorder: A Neuropsychological Approach
| Andre forfattere: | , |
|---|---|
| Format: | Printed Book |
| Udgivet: |
New Delhi
Sage
2018
|
| Fag: |
| LEADER | 00533cam a22001578i 4500 | ||
|---|---|---|---|
| 999 | |c 57294 |d 57294 | ||
| 020 | |a 9789352807314 | ||
| 082 | 0 | 0 | |a 616.85227 |b OBS |
| 245 | 0 | 0 | |a Obsessive compulsive disorder: A Neuropsychological Approach |
| 260 | |a New Delhi |b Sage |c 2018 | ||
| 300 | |a 247p. | ||
| 650 | 0 | |a Obsessive compulsive disorder. | |
| 700 | 1 | |a Pritha Mukhopadhyay,Ed. | |
| 700 | 1 | |a Sreemoyee Tarafder,Ed. | |
| 942 | |c BK | ||
| 952 | |0 0 |1 0 |4 0 |6 616_852270000000000_OBS |7 0 |9 64335 |a KUCL |c Stack |d 2019-05-17 |g 850.00 |l 0 |o 616.85227 OBS |p 48505 |r 2019-05-17 |y BK | ||